| 000 | 01141nam a2200289 i 4500 | ||
|---|---|---|---|
| 999 |
_c7411 _d7411 |
||
| 001 | 7411 | ||
| 003 | BD - JhCC | ||
| 005 | 20180627121313.0 | ||
| 008 | 140929s2010 enk o 000 1 eng | ||
| 020 | _a9781908006899 | ||
| 020 | _a1908006897 | ||
| 035 | _a(BD - JhCC )7411 | ||
| 040 |
_aUk _erda _cUk _dBD-JhCC |
||
| 041 | _aeng | ||
| 082 | 0 | 4 |
_a823.01083538 _223 _bDAW |
| 100 | _aDawlish, peter | ||
| 245 | 0 | 0 |
_aAztec Gold / _cpeter Dawlish |
| 300 |
_a256 p. : _c21 cm. |
||
| 500 | _aThese stories have also been published in Sex & Satisfaction Two and Night of the Bear was published in Sex and Seduction. | ||
| 500 | _aNonacademic | ||
| 506 | 1 |
_aLegal Deposit; _cOnly available on premises controlled by the deposit library and to one user at any one time; _eThe Legal Deposit Libraries (Non-Print Works) Regulations (UK). _5UkOxU |
|
| 540 |
_aRestricted: Printing from this resource is governed by The Legal Deposit Libraries (Non-Print Works) Regulations (UK) and UK copyright law currently in force. _5UkOxU |
||
| 655 | 0 | _aErotic fiction. | |
| 700 | 1 | _aForbes, Miranda, | |
| 942 |
_2ddc _cBK |
||